[Event "ABC 2024 Utrecht, Groep A"]
[Site "Utrecht"]
[Date "2024.03.09"]
[Round "2.4"]
[White "Khatniuk, Anastasiia"]
[Black "Aarts, Joaquin"]
[Result "1-0"]
[WhiteElo "1980"]
[BlackElo "1892"]

1. e4 {[%clk 00:55:18]} {[%emt 00:00:01]} c5 {[%clk 00:55:16]} {[%emt
00:00:04]} 2. Nf3 {[%clk 00:55:23]} {[%emt 00:00:06]} d6 {[%clk 00:55:21]}
{[%emt 00:00:05]} 3. d4 {[%clk 00:55:29]} {[%emt 00:00:04]} cxd4 {[%clk
00:55:25]} {[%emt 00:00:06]} 4. Nxd4 {[%clk 00:55:35]} {[%emt 00:00:04]} Nf6
{[%clk 00:55:27]} {[%emt 00:00:07]} 5. Nc3 {[%clk 00:55:38]} {[%emt 00:00:06]}
a6 {[%clk 00:55:34]} {[%emt 00:00:05]} 6. Be2 {[%clk 00:53:35]} {[%emt
00:02:12]} e5 {[%clk 00:55:39]} {[%emt 00:00:07]} 7. Nb3 {[%clk 00:53:41]}
{[%emt 00:00:02]} Be7 {[%clk 00:55:42]} {[%emt 00:00:06]} 8. Bg5 {[%clk
00:53:14]} {[%emt 00:00:37]} Be6 {[%clk 00:55:23]} {[%emt 00:00:29]} 9. Qd2
{[%clk 00:52:13]} {[%emt 00:01:13]} Nbd7 {[%clk 00:55:29]} {[%emt 00:00:03]} 10.
O-O-O {[%clk 00:49:26]} {[%emt 00:02:56]} b5 {[%clk 00:50:53]} {[%emt
00:04:46]} 11. Bxf6 {[%clk 00:38:26]} {[%emt 00:11:11]} Nxf6 {[%clk 00:50:19]}
{[%emt 00:00:44]} 12. Bd3 {[%clk 00:35:54]} {[%emt 00:02:42]} O-O {[%clk
00:38:53]} {[%emt 00:11:35]} 13. Kb1 {[%clk 00:34:28]} {[%emt 00:01:36]} Kh8
{[%clk 00:34:44]} {[%emt 00:04:20]} 14. f4 {[%clk 00:32:07]} {[%emt 00:02:30]}
exf4 {[%clk 00:34:09]} {[%emt 00:00:46]} 15. Qxf4 {[%clk 00:28:17]} {[%emt
00:03:59]} Qb6 {[%clk 00:28:38]} {[%emt 00:05:41]} 16. Rhg1 {[%clk 00:25:25]}
{[%emt 00:03:02]} b4 {[%clk 00:26:13]} {[%emt 00:02:36]} 17. Nd5 {[%clk
00:25:01]} {[%emt 00:00:33]} Bxd5 {[%clk 00:24:19]} {[%emt 00:02:04]} 18. exd5
{[%clk 00:25:05]} {[%emt 00:00:07]} g6 {[%clk 00:23:09]} {[%emt 00:01:18]} 19.
Be2 {[%clk 00:21:37]} {[%emt 00:03:37]} a5 {[%clk 00:21:48]} {[%emt 00:01:34]}
20. Bf3 {[%clk 00:21:24]} {[%emt 00:00:22]} Nd7 {[%clk 00:18:33]} {[%emt
00:03:25]} 21. Rge1 {[%clk 00:19:54]} {[%emt 00:01:41]} Ne5 {[%clk 00:16:01]}
{[%emt 00:02:42]} 22. Nd4 {[%clk 00:19:17]} {[%emt 00:00:47]} Kg8 {[%clk
00:14:25]} {[%emt 00:01:47]} 23. h4 {[%clk 00:17:39]} {[%emt 00:01:47]} Rfe8
{[%clk 00:12:49]} {[%emt 00:01:45]} 24. h5 {[%clk 00:14:21]} {[%emt 00:03:28]}
Bf8 {[%clk 00:11:32]} {[%emt 00:01:27]} 25. Nc6 {[%clk 00:12:23]} {[%emt
00:02:08]} Bg7 {[%clk 00:10:26]} {[%emt 00:01:17]} 26. Rf1 {[%clk 00:10:35]}
{[%emt 00:01:58]} Qc7 {[%clk 00:07:18]} {[%emt 00:03:18]} 27. hxg6 {[%clk
00:08:17]} {[%emt 00:02:27]} hxg6 {[%clk 00:05:59]} {[%emt 00:01:29]} 28. Qh4
{[%clk 00:07:55]} {[%emt 00:00:32]} Nxc6 {[%clk 00:02:25]} {[%emt 00:03:45]} 29.
dxc6 {[%clk 00:08:00]} {[%emt 00:00:05]} a4 {[%clk 00:02:11]} {[%emt 00:00:25]}
30. Bd5 {[%clk 00:07:38]} {[%emt 00:00:31]} Re7 {[%clk 00:01:21]} {[%emt
00:01:00]} 31. Qc4 {[%clk 00:07:11]} {[%emt 00:00:37]} b3 {[%clk 00:00:57]}
{[%emt 00:00:34]} 32. cxb3 {[%clk 00:06:05]} {[%emt 00:01:15]} axb3 {[%clk
00:00:52]} {[%emt 00:00:16]} 33. a3 {[%clk 00:06:08]} {[%emt 00:00:07]} Rae8
{[%clk 00:00:15]} {[%emt 00:00:46]} 34. Rf2 {[%clk 00:05:16]} {[%emt 00:01:02]}
Be5 {[%clk 00:00:00]} {[%emt 00:00:16]} 1-0

[Event "ABC 2024 Utrecht, Groep A"]
[Site "Utrecht"]
[Date "2024.03.09"]
[Round "2.5"]
[White "Madularea, David"]
[Black "Veerman, Rien"]
[Result "0-1"]
[WhiteElo "2035"]
[BlackElo "1870"]

1. e4 {[%clk 00:54:53]} {[%emt 00:00:27]} e5 {[%clk 00:55:16]} {[%emt
00:00:05]} 2. Nc3 {[%clk 00:54:53]} {[%emt 00:00:09]} Nf6 {[%clk 00:55:14]}
{[%emt 00:00:12]} 3. d4 {[%clk 00:55:00]} {[%emt 00:00:03]} exd4 {[%clk
00:54:57]} {[%emt 00:00:27]} 4. Qxd4 {[%clk 00:55:05]} {[%emt 00:00:05]} Nc6
{[%clk 00:54:42]} {[%emt 00:00:26]} 5. Qd3 {[%clk 00:55:09]} {[%emt 00:00:05]}
Be7 {[%clk 00:53:51]} {[%emt 00:01:01]} 6. f4 {[%clk 00:52:01]} {[%emt
00:03:16]} d6 {[%clk 00:51:59]} {[%emt 00:02:04]} 7. Bd2 {[%clk 00:50:50]}
{[%emt 00:01:21]} Be6 {[%clk 00:49:55]} {[%emt 00:02:13]} 8. a3 {[%clk
00:37:43]} {[%emt 00:13:17]} Na5 {[%clk 00:44:52]} {[%emt 00:05:13]} 9. Nd5
{[%clk 00:32:40]} {[%emt 00:05:13]} c6 {[%clk 00:44:36]} {[%emt 00:00:27]} 10.
Nxe7 {[%clk 00:31:54]} {[%emt 00:00:54]} Kxe7 {[%clk 00:44:25]} {[%emt
00:00:21]} 11. O-O-O {[%clk 00:30:56]} {[%emt 00:01:08]} Nc4 {[%clk 00:40:00]}
{[%emt 00:04:36]} 12. Bc3 {[%clk 00:28:26]} {[%emt 00:02:39]} b5 {[%clk
00:38:03]} {[%emt 00:02:07]} 13. f5 {[%clk 00:27:08]} {[%emt 00:01:28]} Bc8
{[%clk 00:36:23]} {[%emt 00:01:50]} 14. Qg3 {[%clk 00:14:38]} {[%emt 00:12:40]}
Nxe4 {[%clk 00:31:12]} {[%emt 00:05:20]} 15. Qxg7 {[%clk 00:14:43]} {[%emt
00:00:06]} Bxf5 {[%clk 00:27:30]} {[%emt 00:03:51]} 16. Qxh8 {[%clk 00:14:14]}
{[%emt 00:00:40]} Qxh8 {[%clk 00:25:23]} {[%emt 00:02:18]} 17. Bxh8 {[%clk
00:14:22]} Nf2 {[%clk 00:22:20]} {[%emt 00:03:13]} 18. Re1+ {[%clk 00:14:29]}
{[%emt 00:00:04]} Kd7 {[%clk 00:21:03]} {[%emt 00:01:26]} 19. Bd4 {[%clk
00:14:24]} {[%emt 00:00:15]} Nxh1 {[%clk 00:20:36]} {[%emt 00:00:36]} 20. Bxc4
{[%clk 00:14:31]} {[%emt 00:00:04]} bxc4 {[%clk 00:20:08]} {[%emt 00:00:38]} 21.
Nf3 {[%clk 00:14:19]} {[%emt 00:00:21]} c5 {[%clk 00:16:21]} {[%emt 00:03:58]}
22. Be3 {[%clk 00:14:24]} {[%emt 00:00:05]} Re8 {[%clk 00:15:58]} {[%emt
00:00:32]} 23. Kd2 {[%clk 00:14:30]} {[%emt 00:00:04]} d5 {[%clk 00:11:38]}
{[%emt 00:04:31]} 24. Bxc5 {[%clk 00:10:52]} {[%emt 00:03:49]} Rg8 {[%clk
00:07:59]} {[%emt 00:03:49]} 25. Nh4 {[%clk 00:07:53]} {[%emt 00:03:08]} Be4
{[%clk 00:07:24]} {[%emt 00:00:45]} 26. Rxh1 {[%clk 00:07:54]} {[%emt
00:00:09]} Rg4 {[%clk 00:07:27]} {[%emt 00:00:06]} 27. Nf3 {[%clk 00:07:42]}
{[%emt 00:00:23]} Rxg2+ {[%clk 00:07:28]} {[%emt 00:00:09]} 28. Ke3 {[%clk
00:07:49]} {[%emt 00:00:02]} Rxc2 {[%clk 00:07:09]} {[%emt 00:00:29]} 29. Bd4
{[%clk 00:07:21]} {[%emt 00:00:38]} a5 {[%clk 00:06:04]} {[%emt 00:01:16]} 30.
Bc3 {[%clk 00:05:16]} {[%emt 00:02:14]} Rg2 {[%clk 00:05:29]} {[%emt 00:00:45]}
31. Rf1 {[%clk 00:03:21]} {[%emt 00:02:05]} f5 {[%clk 00:04:56]} {[%emt
00:00:44]} 32. h4 {[%clk 00:02:21]} {[%emt 00:01:10]} Rg3 {[%clk 00:04:35]}
{[%emt 00:00:30]} 33. Kf4 {[%clk 00:02:27]} {[%emt 00:00:05]} Rg4+ {[%clk
00:04:21]} {[%emt 00:00:25]} 34. Ke5 {[%clk 00:02:25]} {[%emt 00:00:11]} a4
{[%clk 00:03:53]} {[%emt 00:00:39]} 35. h5 {[%clk 00:01:31]} {[%emt 00:01:03]}
Rg3 {[%clk 00:03:33]} {[%emt 00:00:30]} 36. Kf4 {[%clk 00:01:03]} {[%emt
00:00:38]} Rg4+ {[%clk 00:03:18]} {[%emt 00:00:25]} 37. Ke5 {[%clk 00:01:12]}
{[%emt 00:00:01]} Rg3 {[%clk 00:03:14]} {[%emt 00:00:13]} 38. Nd2 {[%clk
00:00:43]} {[%emt 00:00:39]} Bd3 {[%clk 00:02:32]} {[%emt 00:00:53]} 39. Rh1
{[%clk 00:00:52]} Ke7 {[%clk 00:02:31]} {[%emt 00:00:11]} 40. h6 {[%clk
00:00:44]} {[%emt 00:00:18]} Rg2 {[%clk 00:02:00]} {[%emt 00:00:41]} 41. Kxd5
{[%clk 00:00:47]} {[%emt 00:00:07]} Rxd2 {[%clk 00:02:01]} {[%emt 00:00:08]} 42.
Bxd2 {[%clk 00:00:45]} {[%emt 00:00:12]} Be4+ {[%clk 00:02:08]} {[%emt
00:00:04]} 43. Kxc4 {[%clk 00:00:54]} {[%emt 00:00:02]} Bxh1 {[%clk 00:02:14]}
{[%emt 00:00:03]} 44. Kb5 {[%clk 00:00:50]} {[%emt 00:00:14]} Kd6 {[%clk
00:00:56]} {[%emt 00:01:29]} 45. Kxa4 {[%clk 00:00:44]} {[%emt 00:00:15]} Ke5
{[%clk 00:00:54]} {[%emt 00:00:12]} 46. Kb5 {[%clk 00:00:36]} {[%emt 00:00:17]}
f4 {[%clk 00:00:51]} {[%emt 00:00:14]} 47. Kc4 {[%clk 00:00:24]} {[%emt
00:00:22]} Ke4 {[%clk 00:00:48]} {[%emt 00:00:13]} 48. b4 {[%clk 00:00:24]}
{[%emt 00:00:11]} f3 {[%clk 00:00:29]} {[%emt 00:00:28]} 49. Be1 {[%clk
00:00:33]} Ke3 {[%clk 00:00:33]} {[%emt 00:00:06]} 50. b5 {[%clk 00:00:24]}
{[%emt 00:00:19]} f2 {[%clk 00:00:42]} {[%emt 00:00:01]} 51. Bxf2+ {[%clk
00:00:33]} {[%emt 00:00:01]} Kxf2 {[%clk 00:00:51]} {[%emt 00:00:01]} 52. a4
{[%clk 00:00:35]} {[%emt 00:00:09]} Ke3 {[%clk 00:00:47]} {[%emt 00:00:13]} 53.
a5 {[%clk 00:00:36]} {[%emt 00:00:09]} Ke4 {[%clk 00:00:50]} {[%emt 00:00:07]}
54. Kc5 {[%clk 00:00:32]} {[%emt 00:00:13]} Ke5 {[%clk 00:00:53]} {[%emt
00:00:07]} 55. b6 {[%clk 00:00:31]} {[%emt 00:00:12]} Bb7 {[%clk 00:00:45]}
{[%emt 00:00:18]} 56. Kb5 {[%clk 00:00:40]} {[%emt 00:00:01]} Kd6 {[%emt
00:00:22]} 57. a6 {[%clk 00:00:49]} Be4 {[%clk 00:00:25]} {[%emt 00:00:19]} 58.
b7 {[%clk 00:00:55]} {[%emt 00:00:04]} Kc7 {[%clk 00:00:33]} {[%emt 00:00:02]}
59. Kc5 {[%clk 00:01:03]} {[%emt 00:00:02]} Bd3 {[%clk 00:00:33]} {[%emt
00:00:10]} 60. Kd4 {[%clk 00:01:07]} {[%emt 00:00:06]} Bxa6 {[%clk 00:00:40]}
{[%emt 00:00:03]} 61. Ke5 {[%clk 00:01:07]} {[%emt 00:00:10]} Kxb7 {[%clk
00:00:47]} {[%emt 00:00:02]} 62. Kf6 {[%clk 00:01:14]} {[%emt 00:00:03]} Bd3
{[%clk 00:00:56]} {[%emt 00:00:01]} 0-1

[Event "ABC 2024 Utrecht, Groep A"]
[Site "Utrecht"]
[Date "2024.03.09"]
[Round "2.6"]
[White "Imanol, Leorato"]
[Black "Kleibeuker, Mika"]
[Result "0-1"]
[WhiteElo "1892"]
[BlackElo "1926"]

1. e4 {[%clk 00:54:55]} {[%emt 00:00:23]} c6 {[%clk 00:54:44]} {[%emt
00:00:36]} 2. Nc3 {[%clk 00:54:54]} {[%emt 00:00:11]} d5 {[%clk 00:54:47]}
{[%emt 00:00:07]} 3. Nf3 {[%clk 00:54:59]} {[%emt 00:00:05]} Nf6 {[%clk
00:54:44]} {[%emt 00:00:14]} 4. e5 {[%clk 00:53:52]} {[%emt 00:01:16]} Ne4
{[%clk 00:54:51]} {[%emt 00:00:04]} 5. d4 {[%clk 00:53:25]} {[%emt 00:00:37]}
Nxc3 {[%clk 00:54:57]} {[%emt 00:00:04]} 6. bxc3 {[%clk 00:53:27]} {[%emt
00:00:08]} c5 {[%clk 00:54:58]} {[%emt 00:00:10]} 7. Be2 {[%clk 00:50:08]}
{[%emt 00:03:28]} e6 {[%clk 00:54:43]} {[%emt 00:00:26]} 8. O-O {[%clk
00:49:51]} {[%emt 00:00:25]} Be7 {[%clk 00:54:50]} {[%emt 00:00:04]} 9. Ne1
{[%clk 00:49:19]} {[%emt 00:00:41]} Nc6 {[%clk 00:54:46]} {[%emt 00:00:15]} 10.
f4 {[%clk 00:49:04]} {[%emt 00:00:25]} Qa5 {[%clk 00:53:29]} {[%emt 00:01:28]}
11. Qd3 {[%clk 00:48:35]} {[%emt 00:00:40]} cxd4 {[%clk 00:52:15]} {[%emt
00:01:23]} 12. cxd4 {[%clk 00:48:14]} {[%emt 00:00:31]} Nxd4 {[%clk 00:52:19]}
{[%emt 00:00:05]} 13. Be3 {[%clk 00:47:20]} {[%emt 00:01:04]} Nxe2+ {[%clk
00:51:11]} {[%emt 00:01:18]} 14. Qxe2 {[%clk 00:47:22]} {[%emt 00:00:08]} b6
{[%clk 00:50:04]} {[%emt 00:01:18]} 15. Nd3 {[%clk 00:46:46]} {[%emt 00:00:45]}
g6 {[%clk 00:44:17]} {[%emt 00:05:57]} 16. Rab1 {[%clk 00:44:08]} {[%emt
00:02:49]} Ba6 {[%clk 00:40:55]} {[%emt 00:03:32]} 17. g4 {[%clk 00:43:26]}
{[%emt 00:00:52]} Rc8 {[%clk 00:36:47]} {[%emt 00:04:18]} 18. f5 {[%clk
00:42:00]} {[%emt 00:01:35]} gxf5 {[%clk 00:36:24]} {[%emt 00:00:34]} 19. gxf5
{[%clk 00:41:32]} {[%emt 00:00:38]} Rg8+ {[%clk 00:36:26]} {[%emt 00:00:08]} 20.
Kh1 {[%clk 00:39:44]} {[%emt 00:01:58]} d4 {[%clk 00:36:18]} {[%emt 00:00:18]}
21. Qf3 {[%clk 00:38:45]} {[%emt 00:01:09]} dxe3 {[%clk 00:34:11]} {[%emt
00:02:17]} 22. fxe6 {[%clk 00:38:13]} {[%emt 00:00:42]} fxe6 {[%clk 00:34:16]}
{[%emt 00:00:05]} 23. Qf7+ {[%clk 00:35:14]} {[%emt 00:03:08]} Kd7 {[%emt
00:00:08]} 24. Ne1 {[%clk 00:33:52]} {[%emt 00:01:31]} Rcf8 {[%clk 00:30:12]}
{[%emt 00:04:17]} 25. Rd1+ {[%clk 00:33:40]} {[%emt 00:00:23]} Qd2 {[%clk
00:30:18]} {[%emt 00:00:04]} 0-1

[Event "ABC 2024 Utrecht, Groep A"]
[Site "Utrecht"]
[Date "2024.03.09"]
[Round "2.7"]
[White "Blom, Rens"]
[Black "Elferink, Leon"]
[Result "1-0"]
[WhiteElo "1921"]
[BlackElo "1804"]

1. c4 {[%clk 00:55:18]} {[%emt 00:00:01]} Nf6 {[%clk 00:55:13]} {[%emt
00:00:08]} 2. Nc3 {[%clk 00:55:22]} {[%emt 00:00:05]} c5 {[%clk 00:54:34]}
{[%emt 00:00:51]} 3. Nf3 {[%clk 00:55:20]} {[%emt 00:00:08]} g6 {[%clk
00:54:30]} {[%emt 00:00:17]} 4. g3 {[%clk 00:54:17]} {[%emt 00:01:13]} Bg7
{[%clk 00:53:02]} {[%emt 00:01:41]} 5. Bg2 {[%clk 00:54:10]} {[%emt 00:00:14]}
O-O {[%clk 00:52:11]} {[%emt 00:01:00]} 6. d4 {[%clk 00:53:30]} {[%emt
00:00:51]} cxd4 {[%clk 00:51:45]} {[%emt 00:00:37]} 7. Nxd4 {[%clk 00:53:35]}
{[%emt 00:00:04]} Nc6 {[%clk 00:51:23]} {[%emt 00:00:33]} 8. O-O {[%clk
00:50:54]} {[%emt 00:02:50]} a6 {[%clk 00:47:50]} {[%emt 00:03:44]} 9. Rb1
{[%clk 00:43:07]} {[%emt 00:07:56]} Qc7 {[%clk 00:44:15]} {[%emt 00:03:45]} 10.
b3 {[%clk 00:38:12]} {[%emt 00:05:05]} Qa5 {[%clk 00:34:56]} {[%emt 00:09:29]}
11. Bb2 {[%clk 00:31:36]} {[%emt 00:06:47]} Rb8 {[%clk 00:28:47]} {[%emt
00:06:18]} 12. h4 {[%clk 00:25:00]} {[%emt 00:06:45]} Rd8 {[%clk 00:28:05]}
{[%emt 00:00:52]} 13. Qd2 {[%clk 00:20:40]} {[%emt 00:04:31]} Ne4 {[%clk
00:23:39]} {[%emt 00:04:36]} 14. Bxe4 {[%clk 00:16:18]} {[%emt 00:04:32]} Nxd4
{[%clk 00:23:17]} {[%emt 00:00:32]} 15. Rfd1 {[%clk 00:14:54]} {[%emt
00:01:35]} d6 {[%clk 00:20:20]} {[%emt 00:03:06]} 16. Nd5 {[%clk 00:13:59]}
{[%emt 00:01:05]} Qxd2 {[%clk 00:19:57]} {[%emt 00:00:33]} 17. Nxe7+ {[%clk
00:13:47]} {[%emt 00:00:22]} Kf8 {[%clk 00:20:00]} {[%emt 00:00:07]} 18. Rxd2
{[%clk 00:13:50]} {[%emt 00:00:07]} Nxe2+ {[%clk 00:19:08]} {[%emt 00:01:02]}
19. Rxe2 {[%clk 00:13:55]} {[%emt 00:00:04]} Bxb2 {[%clk 00:19:03]} {[%emt
00:00:15]} 20. Nxc8 {[%clk 00:13:13]} {[%emt 00:00:53]} Bd4 {[%clk 00:19:07]}
{[%emt 00:00:06]} 21. Rd2 {[%clk 00:11:45]} {[%emt 00:01:38]} Bc5 {[%clk
00:16:00]} {[%emt 00:03:17]} 22. b4 {[%clk 00:11:37]} {[%emt 00:00:18]} Rdxc8
{[%clk 00:15:57]} {[%emt 00:00:12]} 23. bxc5 {[%clk 00:11:42]} {[%emt
00:00:06]} Rxc5 {[%clk 00:15:58]} {[%emt 00:00:09]} 24. Rxb7 {[%clk 00:11:19]}
{[%emt 00:00:32]} Re8 {[%clk 00:15:49]} {[%emt 00:00:20]} 25. Bd5 {[%clk
00:10:57]} {[%emt 00:00:32]} 1-0

[Event "ABC 2024 Utrecht, Groep A"]
[Site "Utrecht"]
[Date "2024.03.09"]
[Round "3.1"]
[White "Van Hesselingen, Guido"]
[Black "Smeets, Kobe"]
[Result "1/2-1/2"]
[WhiteElo "2023"]
[BlackElo "2244"]

1. e4 {[%clk 00:55:16]} {[%emt 00:00:04]} c5 {[%clk 00:55:18]} {[%emt
00:00:02]} 2. Nf3 {[%clk 00:55:10]} {[%emt 00:00:16]} Nc6 {[%clk 00:55:22]}
{[%emt 00:00:05]} 3. d4 {[%clk 00:55:15]} {[%emt 00:00:06]} cxd4 {[%clk
00:55:28]} {[%emt 00:00:04]} 4. Nxd4 {[%clk 00:55:22]} {[%emt 00:00:03]} e6
{[%clk 00:55:33]} {[%emt 00:00:06]} 5. Nc3 {[%clk 00:55:07]} {[%emt 00:00:24]}
Qc7 {[%clk 00:55:42]} {[%emt 00:00:01]} 6. g3 {[%clk 00:55:11]} {[%emt
00:00:07]} a6 {[%clk 00:55:42]} {[%emt 00:00:10]} 7. Bg2 {[%clk 00:55:13]}
{[%emt 00:00:06]} Nf6 {[%clk 00:55:51]} {[%emt 00:00:02]} 8. O-O {[%clk
00:55:08]} {[%emt 00:00:15]} Nxd4 {[%clk 00:55:50]} {[%emt 00:00:12]} 9. Qxd4
{[%clk 00:55:10]} {[%emt 00:00:08]} Bc5 {[%clk 00:55:57]} {[%emt 00:00:02]} 10.
Bf4 {[%clk 00:55:09]} {[%emt 00:00:12]} d6 {[%clk 00:56:06]} {[%emt 00:00:01]}
11. Qd3 {[%clk 00:55:12]} {[%emt 00:00:07]} Nd7 {[%clk 00:52:51]} {[%emt
00:03:25]} 12. Na4 {[%clk 00:51:54]} {[%emt 00:03:28]} e5 {[%clk 00:50:21]}
{[%emt 00:02:38]} 13. Bd2 {[%clk 00:48:24]} {[%emt 00:03:41]} Bd4 {[%clk
00:47:00]} {[%emt 00:03:31]} 14. c3 {[%clk 00:44:32]} {[%emt 00:04:02]} Nc5
{[%clk 00:45:12]} {[%emt 00:01:58]} 15. Nxc5 {[%clk 00:40:22]} {[%emt
00:04:20]} Bxc5 {[%clk 00:45:20]} {[%emt 00:00:02]} 16. c4 {[%clk 00:39:53]}
{[%emt 00:00:39]} Be6 {[%clk 00:45:16]} {[%emt 00:00:14]} 17. Rac1 {[%clk
00:38:53]} {[%emt 00:01:10]} O-O {[%clk 00:44:35]} {[%emt 00:00:50]} 18. b3
{[%clk 00:36:07]} {[%emt 00:02:57]} Rac8 {[%clk 00:44:05]} {[%emt 00:00:40]} 19.
Kh1 {[%clk 00:35:31]} {[%emt 00:00:46]} f5 {[%clk 00:32:50]} {[%emt 00:11:24]}
20. f4 {[%clk 00:29:56]} {[%emt 00:05:46]} g6 {[%clk 00:29:15]} {[%emt
00:03:45]} 21. Bc3 {[%clk 00:25:37]} {[%emt 00:04:30]} Rce8 {[%clk 00:27:48]}
{[%emt 00:01:36]} 22. b4 {[%clk 00:22:06]} {[%emt 00:03:41]} Ba7 {[%clk
00:25:33]} {[%emt 00:02:25]} 23. c5 {[%clk 00:21:47]} {[%emt 00:00:30]} dxc5
{[%clk 00:23:00]} {[%emt 00:02:42]} 24. Bxe5 {[%clk 00:20:17]} {[%emt
00:01:40]} Rd8 {[%clk 00:14:11]} {[%emt 00:08:59]} 25. Qc2 {[%clk 00:16:37]}
{[%emt 00:03:50]} Qc6 {[%clk 00:13:38]} {[%emt 00:00:44]} 26. bxc5 {[%clk
00:15:35]} {[%emt 00:01:12]} fxe4 {[%clk 00:13:33]} {[%emt 00:00:15]} 27. Bxe4
{[%clk 00:14:09]} {[%emt 00:01:35]} Bd5 {[%clk 00:13:36]} {[%emt 00:00:07]} 28.
Rfe1 {[%clk 00:13:42]} {[%emt 00:00:37]} Bxc5 {[%clk 00:13:23]} {[%emt
00:00:24]} 29. Bxd5+ {[%clk 00:11:48]} {[%emt 00:02:04]} Rxd5 {[%clk 00:12:59]}
{[%emt 00:00:33]} 30. Qc4 {[%clk 00:10:32]} {[%emt 00:01:26]} Rf7 {[%clk
00:11:48]} {[%emt 00:01:21]} 31. Qe4 {[%clk 00:09:24]} {[%emt 00:01:19]} Re7
{[%clk 00:11:06]} {[%emt 00:00:52]} 32. Re2 {[%clk 00:08:08]} {[%emt 00:01:26]}
Re6 {[%clk 00:10:04]} {[%emt 00:01:12]} 33. Qg2 {[%clk 00:07:41]} {[%emt
00:00:36]} b6 {[%clk 00:05:15]} {[%emt 00:04:59]} 34. Ree1 {[%clk 00:06:52]}
{[%emt 00:00:59]} Rd2 {[%clk 00:04:15]} {[%emt 00:01:10]} 35. Qxc6 {[%clk
00:05:36]} {[%emt 00:01:26]} Rxc6 {[%clk 00:04:24]} 36. a4 {[%clk 00:04:53]}
{[%emt 00:00:54]} Kf7 {[%clk 00:03:57]} {[%emt 00:00:37]} 37. Red1 {[%clk
00:04:27]} {[%emt 00:00:36]} Rxd1+ {[%clk 00:03:26]} {[%emt 00:00:41]} 38. Rxd1
{[%clk 00:04:36]} Ke7 {[%clk 00:03:35]} {[%emt 00:00:02]} 39. Kg2 {[%clk
00:04:03]} {[%emt 00:00:43]} Bd6 {[%clk 00:03:24]} {[%emt 00:00:20]} 40. Bxd6+
{[%clk 00:01:46]} {[%emt 00:02:27]} Rxd6 {[%clk 00:03:33]} {[%emt 00:00:01]} 41.
Rb1 {[%clk 00:01:55]} {[%emt 00:00:02]} Kd7 {[%clk 00:02:54]} {[%emt 00:00:49]}
42. Kf3 {[%clk 00:01:54]} {[%emt 00:00:10]} Kc6 {[%clk 00:03:02]} {[%emt
00:00:01]} 43. Ke3 {[%clk 00:02:02]} {[%emt 00:00:02]} Kc5 {[%clk 00:02:57]}
{[%emt 00:00:16]} 44. g4 {[%clk 00:01:43]} {[%emt 00:00:29]} Re6+ {[%emt
00:02:51]} 1/2-1/2

[Event "ABC 2024 Utrecht, Groep A"]
[Site "Utrecht"]
[Date "2024.03.09"]
[Round "3.2"]
[White "Zhu, Chenwu"]
[Black "Khatniuk, Anastasiia"]
[Result "1-0"]
[WhiteElo "2042"]
[BlackElo "1980"]

1. e4 {[%clk 00:55:15]} {[%emt 00:00:04]} c5 {[%clk 00:55:15]} {[%emt
00:00:06]} 2. c3 {[%clk 00:55:18]} {[%emt 00:00:07]} d5 {[%clk 00:53:38]}
{[%emt 00:01:47]} 3. exd5 {[%clk 00:55:22]} {[%emt 00:00:05]} Qxd5 {[%clk
00:53:45]} {[%emt 00:00:03]} 4. d4 {[%clk 00:55:24]} {[%emt 00:00:08]} Nc6
{[%clk 00:53:49]} {[%emt 00:00:06]} 5. Nf3 {[%clk 00:55:26]} {[%emt 00:00:08]}
Bg4 {[%clk 00:53:37]} {[%emt 00:00:22]} 6. Be2 {[%clk 00:55:31]} {[%emt
00:00:05]} e6 {[%clk 00:53:09]} {[%emt 00:00:38]} 7. O-O {[%clk 00:55:26]}
{[%emt 00:00:15]} Nf6 {[%clk 00:52:55]} {[%emt 00:00:24]} 8. h3 {[%clk
00:55:26]} {[%emt 00:00:10]} Bh5 {[%clk 00:51:49]} {[%emt 00:01:16]} 9. Be3
{[%clk 00:55:14]} {[%emt 00:00:21]} Rd8 {[%clk 00:47:45]} {[%emt 00:04:14]} 10.
dxc5 {[%clk 00:48:09]} {[%emt 00:07:16]} Qxd1 {[%clk 00:43:32]} {[%emt
00:04:23]} 11. Rxd1 {[%clk 00:46:56]} {[%emt 00:01:23]} Rxd1+ {[%clk 00:42:51]}
{[%emt 00:00:50]} 12. Bxd1 {[%clk 00:47:01]} {[%emt 00:00:05]} Ne4 {[%clk
00:42:37]} {[%emt 00:00:25]} 13. b4 {[%clk 00:44:39]} {[%emt 00:02:33]} Be7
{[%clk 00:40:28]} {[%emt 00:02:17]} 14. Bc2 {[%clk 00:43:03]} {[%emt 00:01:46]}
Bxf3 {[%clk 00:39:26]} {[%emt 00:01:13]} 15. gxf3 {[%clk 00:42:58]} {[%emt
00:00:15]} Ng5 {[%clk 00:38:45]} {[%emt 00:00:51]} 16. Nd2 {[%emt 00:09:43]} f5
{[%clk 00:36:03]} 17. f4 {[%clk 00:34:09]} {[%emt 00:02:17]} Nf7 {[%clk
00:33:33]} {[%emt 00:02:41]} 18. Bb3 {[%clk 00:30:32]} {[%emt 00:03:47]} Bf6
{[%clk 00:32:17]} {[%emt 00:01:26]} 19. Rc1 {[%clk 00:28:51]} {[%emt 00:01:51]}
Ke7 {[%clk 00:31:51]} {[%emt 00:00:36]} 20. Nc4 {[%clk 00:24:39]} {[%emt
00:04:22]} Rd8 {[%clk 00:26:41]} {[%emt 00:05:20]} 21. b5 {[%clk 00:24:06]}
{[%emt 00:00:44]} Nb8 {[%clk 00:26:44]} {[%emt 00:00:06]} 22. Na5 {[%clk
00:20:02]} {[%emt 00:04:15]} Rd7 {[%clk 00:24:31]} {[%emt 00:02:23]} 23. c6
{[%clk 00:17:34]} {[%emt 00:02:38]} bxc6 {[%clk 00:23:33]} {[%emt 00:01:08]} 24.
Bc5+ {[%clk 00:16:43]} {[%emt 00:01:01]} Ke8 {[%clk 00:22:48]} {[%emt
00:00:54]} 25. bxc6 {[%clk 00:14:10]} {[%emt 00:02:43]} Rc7 {[%clk 00:22:22]}
{[%emt 00:00:35]} 26. Re1 {[%clk 00:12:59]} {[%emt 00:01:21]} Nxc6 {[%clk
00:20:03]} {[%emt 00:02:31]} 27. Nxc6 {[%clk 00:12:28]} {[%emt 00:00:41]} Rxc6
{[%clk 00:18:14]} {[%emt 00:01:58]} 28. Ba4 {[%clk 00:12:33]} {[%emt 00:00:06]}
Kd7 {[%clk 00:18:19]} {[%emt 00:00:04]} 29. Bxa7 {[%clk 00:12:19]} {[%emt
00:00:24]} e5 {[%clk 00:17:57]} {[%emt 00:00:32]} 30. Bb8 {[%clk 00:11:21]}
{[%emt 00:01:08]} exf4 {[%clk 00:17:42]} {[%emt 00:00:26]} 31. Bxf4 {[%clk
00:11:08]} {[%emt 00:00:23]} g5 {[%clk 00:17:21]} {[%emt 00:00:31]} 32. Bxc6+
{[%clk 00:11:08]} {[%emt 00:00:09]} Kxc6 {[%clk 00:17:25]} {[%emt 00:00:06]} 33.
Re6+ {[%clk 00:11:13]} {[%emt 00:00:06]} 1-0